Statistics for Snooker Players With 400+ Century Breaks

Click here to take the quiz!

General Stats

  • This quiz has been taken 48 times
  • The average score is 12 of 16

Answer Stats

Number of CenturiesPlayer% Correct
960John Higgins
100%
777Stephen Hendry
100%
610Mark Williams
98%
1,213Ronnie O'Sullivan
98%
925Judd Trump
95%
785Mark Selby
93%
904Neil Robertson
93%
635Shaun Murphy
80%
580Mark Allen
77%
563Stuart Bingham
77%
400Kyren Wilson
57%
497Stephen Maguire
57%
621Ding Junhui
55%
432Barry Hawkins
45%
516Marco Fu
43%
439Ryan Day
30%

Score Distribution

Percentile by Number Answered

Percent of People with Each Score

Your Score History

You have not taken this quiz